Sites touristiques Franc-Comtois - Statistiques

Statistiques générales
  • Ce quiz a été pris 35 fois
  • Le résultat moyen est 3 sur 21
Statistiques - réponses
Site touristique Nombre de visiteurs* Département % Correct
Citadelle de Besançon 281 288 Doubs
78%
Lion de Belfort 68 250 Territoire de Belfort
59%
Cascades du hérisson 346 776 Jura
34%
Château de Joux 44 635 Doubs
34%
Citadelle de Belfort 103 103 Territoire de Belfort
31%
Saline Royale(Arc et Senans) 127 587 Doubs
28%
Musée de l'aventure Peugeot(Sochaux) 54 487 Doubs
19%
Musée des maisons comtoises 41 522 Doubs
13%
Dino-Zoo 124 931 Doubs
9%
Cathédrale Saint-Jean(Besançon) 124 495 Doubs
6%
Grande Saline(Salins-les-Bains) 63 847 Jura
6%
Musée Comtois 42 902 Doubs
3%
Musée de la résistance 48 650 Doubs
3%
Musée du jouet 44 125 Jura
3%
Notre-Dame du Haut 69 805 Haute-Saône
3%
Grotte de Baume-les-Messieurs 54 500 Jura
0%
Grotte des moidons 44 337 Jura
0%
Les Campaines (parc de loisir) ~50 000 Doubs
0%
Pavillon des sciences(Montbéliard) 53 706 Doubs
0%
Tuyé du Papy Gaby ~50 000 Doubs
0%
Verrerie la Rochère 70 361 Haute-Saône
0%
Aucun quiz correspondant
Distribution des résultats
% des personnes avec chaque résultat
Percentile par nombre de réponses
Votre historique - résultats
Vous n’avez pas pris ce quiz